Cyclisme - Pinot ou Bardet - Statistiques

Statistiques générales
  • Ce quiz a été pris 634 fois
  • Le résultat moyen est 10 sur 15
Statistiques - réponses
Question Réponse % Correct
Qui a déjà porté les couleurs d'une équipe étrangère ? Bardet
90%
Qui a le plus de top 10/ top 5 sur le Tour de France ? Bardet
83%
Qui a déjà porté le maillot jaune ? Bardet
82%
Qui a déjà été le coéquipier de Warren Barguil ? Bardet
82%
Qui a déjà été sur le podium du Tour de France ? Les Deux
75%
Qui a déjà gagné un monument ? Pinot
68%
Qui a le plus de victoires professionnelles ? Pinot
66%
Qui a le plus participé au Tour de France ? Bardet
65%
Qui a déjà levé les bras au sommet d'un grand col célèbre lors d'un Grand Tour ? Les Deux
63%
Qui est le plus âgé ? Pinot
63%
Qui est le meilleur ? Les Deux
51%
Qui a déjà été sur le podium du Giro (Tour d'Italie) ? Aucun
45%
Qui est le mieux placé dans le classement meilleurs coureurs "All Time" sur pro cycling stats ? Pinot
45%
Qui a au moins une victoire d'étape sur les trois Grands Tours ? Pinot
42%
Qui a déjà gagné le Tour de l'Ain ? Les Deux
34%
Aucun quiz correspondant
Distribution des résultats
% des personnes avec chaque résultat
Percentile par nombre de réponses
Votre historique - résultats
Vous n’avez pas pris ce quiz